| 000 | 00783nam a2200253 i 4500 | ||
|---|---|---|---|
| 003 | DO-SdBNP | ||
| 005 | 20250414122629.0 | ||
| 008 | 250414b2023 xxu||||| |||| 00| 0 spa d | ||
| 020 | _a9789945290172 | ||
| 040 |
_aDO-SdBNP _bspa _cBNPHU _erda |
||
| 041 | _aspa | ||
| 082 | 4 |
_axxx _bG373e _222 |
|
| 100 | 1 |
_aGermán, Laura, _eautor _4aut. _987063 |
|
| 245 | 1 | 0 |
_aEfímera / _cLaura Consoró Germán. |
| 264 | 4 |
_aOrlando, FL, : _b[editor no identificado] ; _c©2023. |
|
| 300 |
_aii, 210 páginas ; _c23 cm. |
||
| 336 |
_atexto _btxt _2rdacontent |
||
| 337 |
_asin mediación _bn _2rdamedia |
||
| 338 |
_avolumen _bnc _2rdacarrier |
||
| 500 | _aIncluye datos biográficos de la autora en la página 209 | ||
| 590 | _aInventariado, 2025 /LP | ||
| 910 | _aLP | ||
| 942 |
_2ddc _cLBS1 |
||
| 999 |
_c58232 _d58232 |
||